000 00639nam a2200205 4500
001 135900
003 ES-MaACL
005 20230906195002.0
007 t|
008 070214s1952 sp r ||||1| spa d
100 1 _aRuiz Cuevas, Juan José.
_9100717
245 1 3 _aLa filosofía como salvación, en Rosmuni /
_cJuan José Ruiz Cuevas ; prólogo de Adolfo Muñoz Alonso.
260 _aMurcia :
_bAula,
_c1952.
300 _a317 p. ;
_c18 cm.
490 1 _aAula de ideas ;
_v3
700 1 _aMuñoz Alonso, Adolfo.
_984346
830 0 _aAula de ideas ;
_v3
_9183365
852 _aES-MaACL
_jD-6087
_bR.32545
999 _c135900
_d135900